Metals handbook / (Record no. 20255)
[ view plain ]
| 000 -LEADER | |
|---|---|
| fixed length control field | 01210cam a22003015a 4500 |
| 001 - CONTROL NUMBER | |
| control field | 1051105 |
| 005 - DATE AND TIME OF LATEST TRANSACTION | |
| control field | 20150713104516.0 |
| 008 - FIXED-LENGTH DATA ELEMENTS--GENERAL INFORMATION | |
| fixed length control field | 900125s1990 ohua frb 001 0 eng d |
| 020 ## - INTERNATIONAL STANDARD BOOK NUMBER | |
| International Standard Book Number | 0871703777 (v. 1) |
| 040 ## - CATALOGING SOURCE | |
| Original cataloging agency | DLC |
| Language of cataloging | eng |
| Transcribing agency | DLC |
| Modifying agency | DLC |
| -- | EG-ScBUE |
| 082 04 - DEWEY DECIMAL CLASSIFICATION NUMBER | |
| Classification number | 620.16 |
| Item number | MET |
| Edition number | 22 |
| 245 00 - TITLE STATEMENT | |
| Title | Metals handbook / |
| Statement of responsibility, etc | prepared under the direction of the ASM International Handbook Committee ; edited by Josegh R. Davis ... [et al.] |
| 250 ## - EDITION STATEMENT | |
| Edition statement | 10th ed. |
| 260 ## - PUBLICATION, DISTRIBUTION, ETC. (IMPRINT) | |
| Place of publication, distribution, etc | [Meterials Park] : |
| Name of publisher, distributor, etc | ASM International, |
| Date of publication, distribution, etc | 1990. |
| 300 ## - PHYSICAL DESCRIPTION | |
| Extent | v. 1 : |
| Other physical details | ill. ; |
| Dimensions | 28 cm. |
| 500 ## - GENERAL NOTE | |
| General note | Index : p. 1043-1063. |
| 500 ## - GENERAL NOTE | |
| General note | Includes abbreviations, symbols and trade names. |
| 500 ## - GENERAL NOTE | |
| General note | During the 12 years it took to complete the 17 volumes of the 9th edition. The volume 1 of the 9th edition in 1978. |
| 504 ## - BIBLIOGRAPHY, ETC. NOTE | |
| Bibliography, etc | Includes bibliographical references. |
| 505 1# - FORMATTED CONTENTS NOTE | |
| Formatted contents note | v. 1. Properties and selection : irons, steels, and high-performance alloys. |
| 650 #0 - SUBJECT ADDED ENTRY--TOPICAL TERM | |
| Topical term or geographic name as entry element | Metals |
| Form subdivision | Handbooks, manuals, etc. |
| Source of heading or term | BUEsh |
| 651 ## - SUBJECT ADDED ENTRY--GEOGRAPHIC NAME | |
| Source of heading or term | BUEsh |
| 653 ## - INDEX TERM--UNCONTROLLED | |
| Resource For college | Engineering, General |
| Arrived date list | July2015 |
| 655 ## - INDEX TERM--GENRE/FORM | |
| Form subdivision | |
| -- | 34232 |
| 700 1# - ADDED ENTRY--PERSONAL NAME | |
| Personal name | Davis, Josegh R, |
| Relator term | editor. |
| 710 2# - ADDED ENTRY--CORPORATE NAME | |
| Corporate name or jurisdiction name as entry element | ASM International. |
| Subordinate unit | Handbook Committee. |
| 9 (RLIN) | 38230 |
| 942 ## - ADDED ENTRY ELEMENTS (KOHA) | |
| Source of classification or shelving scheme | Dewey Decimal Classification |
| Call number prefix | 620.16 MET |
| Withdrawn status | Lost status | Source of classification or shelving scheme | Damaged status | Not for loan | Koha collection | Home library | Current library | Shelving location | Date acquired | Source of acquisition | Cost, normal purchase price | Serial Enumeration / chronology | Total Checkouts | Full call number | Barcode | Date last seen | Cost, replacement price | Koha item type | Public note |
|---|---|---|---|---|---|---|---|---|---|---|---|---|---|---|---|---|---|---|---|
| Dewey Decimal Classification | Baccah | Central Library | Central Library | Ground Floor | 06/07/2015 | 1866.00 | 23125 | 620.16 MET | 000038969 | 15/07/2025 | 2332.00 | Reference (NB) | VOL. 1. |